000 00523nam a2200181Ia 4500
005 20250508160458.0
008 008 250505s9999 xx 000 0 eng d
037 _aTextual
040 _aFEDL
_beng
_cFEDL
041 _aeng
_2eng
084 _a378.94, MAC
_qFEDL
100 _aMacmillan David S
_9108555
245 0 _aAustralian Universities : A descriptive sketch
260 _aSydney
_bSydney University Press
_c1968
300 _axiii,98p
942 _cTEXL
_h378.94, MAC
999 _c1364860
_d1364860